2025 NCAA Football Upsets - Statistics

General Stats
  • This quiz has been taken 62 times
    12 since last reset
  • The average score is 18 of 61
Answer Stats
Week Team Defeated Rank Score Winning Team Rank % Correct
1 Texas 1 14-7 Ohio State 3
100%
1 Alabama 8 31-17 Florida State -
88%
1 Clemson 4 17-10 LSU 9
88%
1 Notre Dame 6 27-24 Miami 10
75%
Bowls Texas A&M 7 (7) 10-3 Miami 10 (10)
75%
7 Oklahoma 6 23-6 Texas -
75%
10 Vanderbilt 9 34-31 Texas -
75%
14 Texas A&M 3 27-17 Texas 16
75%
3 Notre Dame 8 41-40 Texas A&M 16
75%
4 Illinois 9 63-10 Indiana 19
50%
7 Oregon 3 30-20 Indiana 7
50%
15 Ohio State 1 13-10 Indiana 2
50%
1 Kansas State 17 24-21 Iowa State 22
50%
12 Louisville 20 20-19 Clemson -
38%
8 Ole Miss 5 43-35 Georgia 9
38%
2 Michigan 15 24-13 Oklahoma 18
38%
10 Tennessee 14 33-27 Oklahoma 18
38%
12 Alabama 4 23-21 Oklahoma 11
38%
2 Florida 13 18-16 South Florida -
38%
4 Utah 16 34-10 Texas Tech 17
38%
11 BYU 7 29-7 Texas Tech 8
38%
7 Michigan 15 31-13 USC -
38%
5 Georgia 5 24-21 Alabama 17
25%
Bowls Oklahoma 8 (8) 34-24 Alabama 9 (9)
25%
12 Cincinnati 25 30-24 Arizona -
25%
14 Arizona State 20 23-7 Arizona 25
25%
2 SMU 17 48-45 (2OT) Baylor -
25%
3 Clemson 12 24-21 Georgia Tech -
25%
10 Georgia Tech 8 48-36 NC State -
25%
13 Houston 23 17-14 TCU -
25%
6 Penn State 7 42-37 UCLA -
25%
11 Virginia 14 16-9 Wake Forest -
25%
5 TCU 24 27-24 Arizona State -
13%
8 Texas Tech 7 26-22 Arizona State -
13%
7 Iowa State 22 24-17 Colorado -
13%
15 Virginia 17 27-20 Duke -
13%
9 Arizona State 24 24-16 Houston -
13%
5 USC 21 34-32 Illinois 23
13%
8 Miami 2 24-21 Louisville -
13%
9 USF 18 34-31 Memphis -
13%
8 Nebraska 25 24-6 Minnesota -
13%
2 Arizona State 12 24-20 Mississippi State -
13%
12 USF 24 41-38 Navy -
13%
5 LSU 4 24-19 Ole Miss 13
13%
5 Penn State 3 30-24 (2OT) Oregon 6
13%
13 Georgia Tech 16 42-28 Pittsburgh -
13%
10 Miami 10 26-20 (OT) SMU -
13%
8 Memphis 22 31-24 UAB -
13%
3 South Carolina 11 31-7 Vanderbilt -
13%
8 LSU 10 31-24 Vanderbilt 17
13%
11 Washington 23 13-10 Wisconsin -
13%
13 Illinois 21 27-10 Wisconsin -
13%
11 Louisville 15 29-26 (OT) California -
0%
14 SMU 21 38-35 California -
0%
6 Iowa Stata 14 38-30 Cincinnati -
0%
7 Florida State 25 34-31 Pittsburgh -
0%
7 Arizona State 21 42-10 Utah -
0%
10 Cincinnati 17 45-14 Utah 24
0%
5 Florida State 8 46-38 (2OT) Virginia -
0%
9 Illinois 23 42-25 Washington -
0%
10 Houston 22 45-35 West Virginia -
0%
No matching quizzes found
Score Distribution
Percent of People with Each Score
Percentile by Number Answered
Your Score History
You have not taken this quiz since the last reset